İşgal altında/ (Record no. 13875)

MARC details
000 -BAŞLIK
Sabit Uzunlukta Kontrol Alanı 00620nam a2200205 4500
999 ## - SİSTEM KONTROL NUMARALARI (KOHA)
Koha Biblionumber 13875
Koha Biblioitemnumber 13875
003 - KONTROL NUMARASI IDENTIFIER
Denetim Alanı MIRAKIL
005 - SON İŞLEM TARİHİ VE ZAMANI
Denetim Alanı 20200813103425.0
008 - SABİT-BOY VERİ ELEMANLARI - GENEL BİLGİLER
Sabit Uzunlukta Kontrol Alanı 200813b tu ||||| |||| 00| 0 tur d
040 ## - KATALOGLAMA KAYNAK
Orijinal Kataloglama Ajansı TR-AnCHP
Metne Dönüştürmek Ajansı TR-AnCHP
041 ## - DİL KODU
Metin / Ses Parça Veya Ayrı Başlığın Dil Kodu tur
082 ## - DEWEY ONLU SINIFLANDIRMA NUMARASI
Sınıflandırma Numarası 833.91
Ürün Numarası L35i 1982
100 ## - ANA GİRİŞ - KİŞİSEL İSİM
Kişisel Ad Lenz, Siegfried
245 10 - BAŞLIK TABLOSU
Başlık İşgal altında/
Sorumluluk Tablosu, Vb Siegfried Lenz; çeviren Zeyyat Selimoğlu.
260 ## - YAYIN, DAĞITIM, VB
Yayın, Dağıtım, Vb Yeri İstanbul:
Yayıncı, Dağıtıcı, Vs Adı Can yayınları,
Yayın, Dağıtım, Vb Tarihi 1982.
300 ## - FİZİKSEL TANIM
Kapsam 320 s.:
Boyutlar 20 sm.
490 0# - SERİSİ TABLOSU
Seri Beyanı Can Yayınları
-- Çağdaş klasikler dizisi
650 #0 - KONU KATMA GİRİŞ - TOPİKAL DÖNEM
9 (RLIN) 26
Topikal Süreli Veya Coğrafi Ad Giriş Elemanı Alman edebiyatı
Genel Alt Bölümü Roman
700 ## - KATMA GİRİŞ - KİŞİSEL İSİM
9 (RLIN) 5582
Kişisel Ad Selimoğlu, Zeyyat
Relator Terim çev.
942 ## - EKLENDİ GİRİŞ ELEMANLARI (KOHA)
Sınıflandırma Veya Raf Düzeni Kaynak Dewey Decimal Classification
Koha Öğesi Türü Books
Holdings
Kalıcı Konum Mevcut Konum Edinme Tarihi Toplam Check-Out'Lar Tam Çağrı Numarası Barkod Tarih Son Görülme İtibaren Geçerli Fiyatlar Sigara Kamu Notu Koha Öğesi Türü
CHP Kütüphanesi CHP Kütüphanesi 08/13/2020   833.91 L35i 1982 019330 08/13/2020 08/13/2020 Emine Başak Alkan Bağışıdır. Books